Folk romances of punjab / (Record no. 122992)

MARC details
000 -LEADER
fixed length control field 00649nam a22002297a 4500
005 - DATE AND TIME OF LATEST TRANSACTION
control field 20170124105918.0
010 ## - LIBRARY OF CONGRESS CONTROL NUMBER
LC control number 962219
020 ## - INTERNATIONAL STANDARD BOOK NUMBER
Terms of availability 00
035 ## - SYSTEM CONTROL NUMBER
System control number 962219
037 ## - SOURCE OF ACQUISITION
Source of stock number/acquisition Cen Lib/Ret
040 ## - CATALOGING SOURCE
Original cataloging agency DPL
Language of cataloging EN
082 ## - DEWEY DECIMAL CLASSIFICATION NUMBER
Classification number 398.095412
Item number DUG
100 ## - MAIN ENTRY--PERSONAL NAME
Personal name Duggal, K.S.
9 (RLIN) 108182
245 ## - TITLE STATEMENT
Title Folk romances of punjab /
Statement of responsibility, etc by K. S. Duggal
246 ## - VARYING FORM OF TITLE
Remainder of title
260 ## - PUBLICATION, DISTRIBUTION, ETC. (IMPRINT)
Name of publisher, distributor, etc Marwah Publications
Place of publication, distribution, etc New Delhi
Date of publication, distribution, etc 1979
270 ## - ADDRESS
City New Delhi
Address H-39, green park extention
Postal code 110016
300 ## - PHYSICAL DESCRIPTION
Extent 128p.
Dimensions 20cm(Hb)
650 ## - SUBJECT ADDED ENTRY--TOPICAL TERM
Topical term or geographic name as entry element Folkl Romances
Geographic subdivision Punjab
9 (RLIN) 108183
650 ## - SUBJECT ADDED ENTRY--TOPICAL TERM
Topical term or geographic name as entry element Love stories
9 (RLIN) 108184
942 ## - ADDED ENTRY ELEMENTS (KOHA)
Source of classification or shelving scheme Dewey Decimal Classification
Koha item type English Books
Classification part 398.095412
Call number suffix DUG
Holdings
Withdrawn status Lost status Damaged status Not for loan Home library Current library Date acquired Source of acquisition Cost, normal purchase price Total Checkouts Full call number Barcode Date last seen Copy number Cost, replacement price Price effective from Koha item type
        Central Library Central Library 01/06/2015 Cen Lib/Ret 0.00   398.095412 DUG 962219 01/06/2015 1 0.00 01/06/2015 English Books

© Delhi Public Library
Hit Counter
free hit counter